Missing Word: 2000s Bands Quiz Stats

 Plays Quiz Updated Jan 28, 2012

Support Sporcle.
Go Orange.
Score 0/26 Timer 02:00
0 Plays Today
2000's Band Missing Word % Correct
Linkin _______Park
97.9%
_______ Eyed PeasBlack
96.3%
The Pussycat _______Dolls
94.9%
_______ -182Blink
91.6%
_______ of LeonKings
89.9%
Jonas _______Brothers
87.8%
My _______ RomanceChemical
87.3%
_______ Out BoyFall
87.2%
The _______ StripesWhite
86%
_______ BizkitLimp
85.8%
3 _______ DownDoors
83%
_______ 5Maroon
77.9%
The All-American _______Rejects
77.5%
2000's Band Missing Word % Correct
System of a _______Down
77.4%
Gnarls _______Barkley
76.8%
Queens of the _______ AgeStone
76%
Jimmy Eat _______World
75.3%
30 Seconds to _______Mars
72.5%
_______ FlattsRascal
72.1%
Alien _______ FarmAnt
71.5%
Death _______ For CutieCab
69%
_______ 41Sum
67.6%
_______ PlanSimple
56.5%
Three Days _______Grace
55.6%
_______ MonkeysArctic
51.6%
_______ BenjaminBreaking
49.3%

Today's Daily Dose

Word Ladder
ING Words

Get the Picture
Nearest Volcano

From the Vault

Progressively Smaller Disney Movies

by strokes_static

Movies 5m
Are the movies shrinking, or are you just getting larger? Perspective is everything.
Remove Ads.
Support Sporcle.
Get the best of Sporcle when you Go Orange. This ad-free experience offers more features, more stats, and more fun while also helping to support Sporcle. Thank you for becoming a member.

Show Comments

Extras

Top Quizzes Today


Score Distribution

Your Account Isn't Verified!

In order to create a playlist on Sporcle, you need to verify the email address you used during registration. Go to your Sporcle Settings to finish the process.

Report this User

Report this user for behavior that violates our Community Guidelines.

Details: